Pakistan Almanac 2002-2003 Essential Data on Pakistan (Record no. 1873)

000 -LEADER
fixed length control field 00326 a2200109 4500
020 ## - INTERNATIONAL STANDARD BOOK NUMBER
International Standard Book Number 9694072575
082 ## - DEWEY DECIMAL CLASSIFICATION NUMBER
Classification number 954.91 SHA
100 ## - MAIN ENTRY--PERSONAL NAME
Personal name Sharrif, K, M.
245 ## - TITLE STATEMENT
Title Pakistan Almanac 2002-2003 Essential Data on Pakistan
Statement of responsibility, etc. Edited by K. M. Shriff
260 ## - PUBLICATION, DISTRIBUTION, ETC.
Place of publication, distribution, etc. Pakistan :
Name of publisher, distributor, etc. Royal Book Company,
Date of publication, distribution, etc. 2003
300 ## - PHYSICAL DESCRIPTION
Extent x, 568p. :
Other physical details ill. ;
Dimensions 28 cm
650 ## - SUBJECT ADDED ENTRY--TOPICAL TERM
Topical term or geographic name entry element Pakistan
Holdings
Withdrawn status Lost status Damaged status Not for loan Permanent Location Current Location Shelving location Date acquired Total Checkouts Full call number Barcode Date last seen Price effective from Koha item type
        School of Civil and Environmental Engineering (SCEE) School of Civil and Environmental Engineering (SCEE)       954.91 SHA NIT-2669 01/05/2017 01/05/2017 Book
© 2023 Central Library, National University of Sciences and Technology. All Rights Reserved.